[Event "IECC P-4005"]
[Site "IECC email"]
[Date "2005.09.16"]
[Round "?"]
[White "Williams, Brett"]
[Black "Wisse, Douglas"]
[Result "0-1"]
[WhiteElo "1149"]
[BlackElo "1375"]
[PlyCount "44"]
[EventDate "2005.??.??"]
[EventType "tourn (corr)"]
[EventRounds "1"]
[SourceTitle "Corr 2008"]
[Source "ChessBase"]
[SourceDate "2008.06.24"]
[SourceVersion "1"]
[SourceVersionDate "2008.06.24"]
[SourceQuality "1"]

1. e4 c5 2. Nf3 d6 3. Bc4 g6 4. Nc3 Bg7 5. 0-0 Nf6 6. d3 0-0 7. d4 cxd4 8. Nxd4 Nc6 9. Nxc6 bxc6 10. Bf4 Nxe4 11. Nxe4 d5 12. Bxd5 cxd5 13. Nc3 e5 14. Bc1 Bb7 15. Nb5 d4 16. c3 Qd5 17. Qg4 Qxb5 18. cxd4 exd4 19. b3 Rfd8 20. Bb2 Rd5 21. Rad1 Rg5 22. Qf4 Rxg2+ 0-1

[Event "IECC CL6-2004.15 email"]
[Site "IECC email"]
[Date "2004.07.25"]
[Round "?"]
[White "Wisse, Douglas"]
[Black "Calvert, Norman"]
[Result "1-0"]
[WhiteElo "1326"]
[BlackElo "1333"]
[PlyCount "57"]
[EventDate "2004.??.??"]
[EventType "tourn (corr)"]
[EventRounds "4"]
[SourceTitle "Corr 2008"]
[Source "ChessBase"]
[SourceDate "2008.06.24"]
[SourceVersion "1"]
[SourceVersionDate "2008.06.24"]
[SourceQuality "1"]

1. f4 Nc6 2. Nf3 Nf6 3. e3 d6 4. Bb5 Bd7 5. b3 a6 6. Bxc6 Bxc6 7. Bb2 Ne4 8. 0-0 e6 9. d3 Nf6 10. Nbd2 d5 11. Qe2 Bc5 12. c4 dxc4 13. Nxc4 Bxf3 14. Qxf3 Qxd3 15. Bxf6 gxf6 16. Rad1 Qg6 17. Qxb7 0-0 18. Qc6 Qh5 19. f5 Be7 20. fxe6 fxe6 21. Qxe6+ Qf7 22. Qc6 Rfc8 23. Ne5 Qe8 24. Qe6+ Kg7 25. Rd7 fxe5 26. Rxe7+ Qxe7 27. Qxe7+ Kg8 28. Rf3 Rf8 29. Rg3+ 1-0

[Event "IECG CP.2003.P.00093 email"]
[Site "IECG email"]
[Date "2003.10.01"]
[Round "?"]
[White "Ramini, Edgardo Atilio"]
[Black "Wisse, Douglas"]
[Result "0-1"]
[WhiteElo "1437"]
[BlackElo "754"]
[PlyCount "52"]
[EventDate "2003.10.01"]
[EventType "tourn (corr)"]
[EventRounds "6"]
[EventCountry "GER"]
[SourceTitle "Corr 2008"]
[Source "ChessBase"]
[SourceDate "2008.06.24"]
[SourceVersion "1"]
[SourceVersionDate "2008.06.24"]
[SourceQuality "1"]

1. d4 f5 2. Nf3 Nf6 3. g3 g6 4. Bg2 Bg7 5. 0-0 0-0 6. c4 d5 7. Nc3 dxc4 8. Qa4 Nc6 9. Qxc4+ e6 10. Rd1 a6 11. Ne5 Ne7 12. h3 h6 13. Bd2 b5 14. Qb3 Rb8 15. Be3 Qd6 16. Nc4 Qd8 17. Rac1 Bb7 18. Ne5 Qd6 19. Bxb7 Rxb7 20. Nd3 Nfd5 21. Nxd5 Nxd5 22. Bf4 Qe7 23. Be5 Bxe5 24. Nxe5 Qg5 25. Qf3 f4 26. h4 Qf5 0-1

[Event "IECG CP.2003.P.00093 email"]
[Site "IECG email"]
[Date "2003.10.01"]
[Round "?"]
[White "Sadowski, Marek"]
[Black "Wisse, Douglas"]
[Result "1-0"]
[WhiteElo "1814"]
[BlackElo "754"]
[PlyCount "77"]
[EventDate "2003.10.01"]
[EventType "tourn (corr)"]
[EventRounds "6"]
[EventCountry "GER"]
[SourceTitle "Corr 2008"]
[Source "ChessBase"]
[SourceDate "2008.06.24"]
[SourceVersion "1"]
[SourceVersionDate "2008.06.24"]
[SourceQuality "1"]

1. d4 f5 2. g3 Nf6 3. Bg2 g6 4. Nf3 Bg7 5. c4 0-0 6. 0-0 d6 7. Nc3 Qe8 8. d5 e5 9. dxe6 Qxe6 10. Qb3 c5 11. Rd1 Nc6 12. Bf4 Rd8 13. Nb5 Na5 14. Qc3 Qxc4 15. Qxa5 b6 16. Ne5 Qxe2 17. Qa4 Ne4 18. Qb3+ c4 19. Qxc4+ Qxc4 20. Nxc4 Ba6 21. Nbxd6 Bxc4 22. Nxc4 Re8 23. Nd6 Re6 24. Rd2 Rf8 25. Nxe4 fxe4 26. Re1 Be5 27. Bxe5 Rxe5 28. Bxe4 Rfe8 29. f3 R8e7 30. Kf2 Kg7 31. Red1 Rh5 32. h4 Rhe5 33. Rd8 a5 34. R1d6 b5 35. g4 Rf7 36. Bd5 Rc7 37. Rg8+ Kh6 38. f4 Rc2+ 39. Kf3 1-0

[Event "IECG QN.2003.0.00290 email "]
[Site "IECG email"]
[Date "2003.08.31"]
[Round "?"]
[White "Venturas, Bob"]
[Black "Wisse, Douglas"]
[Result "0-1"]
[WhiteElo "628"]
[BlackElo "754"]
[PlyCount "81"]
[EventDate "2003.08.31"]
[EventType "tourn (corr)"]
[EventRounds "6"]
[SourceTitle "Corr 2008"]
[Source "ChessBase"]
[SourceDate "2008.06.24"]
[SourceVersion "1"]
[SourceVersionDate "2008.06.24"]
[SourceQuality "1"]

1. e4 c6 2. Bc4 d5 3. exd5 cxd5 4. Bb3 Bf5 5. Qf3 e6 6. Nc3 Nf6 7. h3 Nc6 8. Nge2 Bc5 9. d3 0-0 10. 0-0 a6 11. a3 d4 12. Na4 Ne5 13. Qxb7 Ra7 14. Nxc5 Rxb7 15. Nxb7 Qb6 16. Bf4 Nxd3 17. Bd6 Rc8 18. cxd3 Qxb3 19. Nc5 Qd5 20. Be7 Qe5 21. Rfe1 Nd5 22. Bh4 Rxc5 23. Bg3 Qf6 24. b4 Rc2 25. Kh1 e5 26. Nxd4 Rc8 27. Rxe5 Ne7 28. Rae1 h6 29. Nf3 Ng6 30. Rd5 Bxh3 31. Kh2 Be6 32. Rd6 Nf4 33. Ne5 h5 34. Re4 Ng6 35. f4 h4 36. Bf2 Nxe5 37. Bd4 Nf3+ 38. gxf3 Rc2+ 39. Kg1 Qg6+ 40. Kf1 Qg2+ 41. Ke1 0-1

[Event "IECC P email"]
[Site "IECC email"]
[Date "2003.05.22"]
[Round "?"]
[White "Wisse, Douglas"]
[Black "Giordano, Luca"]
[Result "1-0"]
[WhiteElo "1258"]
[BlackElo "1109"]
[PlyCount "53"]
[EventDate "2003.??.??"]
[EventType "tourn (corr)"]
[EventRounds "6"]
[SourceTitle "Corr 2008"]
[Source "ChessBase"]
[SourceDate "2008.06.24"]
[SourceVersion "1"]
[SourceVersionDate "2008.06.24"]
[SourceQuality "1"]

1. e4 e5 2. Nf3 Nc6 3. Bc4 Bc5 4. c3 Nf6 5. d3 d5 6. exd5 Nxd5 7. Qb3 Na5 8. Qb5+ c6 9. Qxc5 Nxc4 10. dxc4 Ne7 11. Qxe5 0-0 12. 0-0 Be6 13. Qe2 Nf5 14. Nbd2 Qb6 15. Ne4 h6 16. g4 Ne7 17. Nd6 c5 18. Bf4 Bxg4 19. Qxe7 Bxf3 20. Qe3 Qc6 21. b4 Bg2 22. b5 Qf3 23. Rfe1 Qg4 24. Qg3 Qf3 25. Re3 Qxg3 26. Rxg3 g5 27. Kxg2 1-0

[Event "IECC KO email"]
[Site "IECC email"]
[Date "2003.03.24"]
[Round "?"]
[White "Jensen, Jeff"]
[Black "Wisse, Douglas"]
[Result "1-0"]
[WhiteElo "1487"]
[BlackElo "1197"]
[PlyCount "47"]
[EventDate "2003.??.??"]
[EventType "tourn (corr)"]
[EventRounds "6"]
[SourceTitle "Corr 2008"]
[Source "ChessBase"]
[SourceDate "2008.06.24"]
[SourceVersion "1"]
[SourceVersionDate "2008.06.24"]
[SourceQuality "1"]

1. e4 c5 2. Nf3 a6 3. d4 cxd4 4. Bf4 Nc6 5. Nxd4 e5 6. Nxc6 bxc6 7. Bxe5 Bb4+ 8. c3 Ba5 9. Bxg7 Qg5 10. Bxh8 f6 11. Nd2 d6 12. Nf3 Qg6 13. Qa4 Bxc3+ 14. bxc3 Bb7 15. Rb1 Kf8 16. Rxb7 Ne7 17. Qd4 Re8 18. Qxf6+ Qxf6 19. Bxf6 Ng6 20. Ng5 Ne7 21. Be2 Nf5 22. exf5 Rxe2+ 23. Kxe2 d5 24. Rb8# 1-0

[Event "IECC KO email"]
[Site "IECC email"]
[Date "2003.03.24"]
[Round "?"]
[White "Wisse, Douglas"]
[Black "Jensen, Jeff"]
[Result "0-1"]
[WhiteElo "1196"]
[BlackElo "1372"]
[PlyCount "22"]
[EventDate "2003.??.??"]
[EventType "tourn (corr)"]
[EventRounds "6"]
[SourceTitle "Corr 2008"]
[Source "ChessBase"]
[SourceDate "2008.06.24"]
[SourceVersion "1"]
[SourceVersionDate "2008.06.24"]
[SourceQuality "1"]

1. d4 d5 2. b3 Nf6 3. Bb2 Bg4 4. f3 Bh5 5. Nh3 e6 6. Nf4 Bb4+ 7. c3 Bd6 8. Nxh5 Nxh5 9. Nd2 Qh4+ 10. g3 Bxg3+ 11. hxg3 Qxg3# 0-1

[Event "IECC CL7-2003.04 email"]
[Site "IECC email"]
[Date "2003.01.24"]
[Round "?"]
[White "Wisse, Douglas"]
[Black "Mottershead, Richard"]
[Result "0-1"]
[WhiteElo "1211"]
[BlackElo "1164"]
[PlyCount "74"]
[EventDate "2003.??.??"]
[EventType "tourn (corr)"]
[EventRounds "4"]
[SourceTitle "Corr 2008"]
[Source "ChessBase"]
[SourceDate "2008.06.24"]
[SourceVersion "1"]
[SourceVersionDate "2008.06.24"]
[SourceQuality "1"]

1. e4 c5 2. Nc3 d6 3. Nf3 Nc6 4. Bc4 e6 5. d4 cxd4 6. Nb5 d5 7. exd5 exd5 8. Bxd5 Qa5+ 9. c3 Qxb5 10. c4 Qa5+ 11. Bd2 Bb4 12. 0-0 Bxd2 13. Nxd2 Qc7 14. Nf3 Nge7 15. Ng5 0-0 16. Qh5 h6 17. Bxf7+ Kh8 18. Rfe1 Qf4 19. Ne6 Bxe6 20. Bxe6 Qxf2+ 21. Kh1 Rf6 22. h3 Raf8 23. Qd1 Qxb2 24. Bg4 Rf2 25. Rg1 Rd2 26. Qe1 Rff2 27. Rb1 Qxa2 28. Rxb7 Rxg2 29. Rxg2 Rxg2 30. Qf1 Rf2 31. Qg1 Rb2 32. Bf5 Rxb7 33. Bd3 Rb3 34. Qf1 Qd2 35. Be4 Re3 36. Bxc6 Re1 37. Bg2 Rxf1+ 0-1

[Event "IECG RN.2002.0.00015"]
[Site "IECG email"]
[Date "2002.08.16"]
[Round "?"]
[White "Wisse, Douglas"]
[Black "Nielsen, Christian Waagner"]
[Result "0-1"]
[WhiteElo "771"]
[BlackElo "800"]
[PlyCount "60"]
[EventDate "2002.08.16"]
[EventType "tourn (corr)"]
[EventRounds "6"]
[SourceTitle "Corr 2008"]
[Source "ChessBase"]
[SourceDate "2008.06.24"]
[SourceVersion "1"]
[SourceVersionDate "2008.06.24"]
[SourceQuality "1"]

1. e4 e6 2. d4 d5 3. e5 c5 4. Nf3 Nc6 5. Bg5 Qb6 6. b3 cxd4 7. Bd3 Nge7 8. 0-0 h6 9. Bh4 Bd7 10. Na3 Nf5 11. Bxf5 exf5 12. Re1 Bxa3 13. c3 g5 14. Nxg5 hxg5 15. Bxg5 Be7 16. Bf4 dxc3 17. a4 d4 18. Qd3 0-0-0 19. Reb1 Be6 20. g3 Rh3 21. Kg2 Rdh8 22. Rh1 Bd5+ 23. f3 R8h5 24. e6 Qxb3 25. exf7 Bc5 26. Rab1 Qa2+ 27. Kg1 Nb4 28. Qb5 Qxb1+ 29. Kg2 Qxh1+ 30. Kxh1 Rxh2+ 0-1

[Event "IECG CN.2002.0.00299 email"]
[Site "IECG email"]
[Date "2002.06.29"]
[Round "?"]
[White "Wisse, Douglas"]
[Black "Brueckner, Helmut"]
[Result "0-1"]
[WhiteElo "800"]
[BlackElo "800"]
[PlyCount "70"]
[EventDate "2002.06.29"]
[EventType "tourn (corr)"]
[EventRounds "6"]
[SourceTitle "Corr 2008"]
[Source "ChessBase"]
[SourceDate "2008.06.24"]
[SourceVersion "1"]
[SourceVersionDate "2008.06.24"]
[SourceQuality "1"]

1. e4 c5 2. Nc3 Nc6 3. Bc4 g6 4. Nf3 Bg7 5. Ng5 Ne5 6. Qe2 d6 7. 0-0 h6 8. Bxf7+ Nxf7 9. Nxf7 Kxf7 10. d3 Qb6 11. Nd5 Qc6 12. c3 Nf6 13. h3 Nxd5 14. exd5 Qxd5 15. Re1 e5 16. b4 Bf5 17. d4 exd4 18. Qe7+ Kg8 19. c4 Qxc4 20. Qxb7 Rd8 21. Bb2 Rd7 22. Qc6 Qxb4 23. g4 Qxb2 24. gxf5 Rf7 25. Qe8+ Bf8 26. Qe6 gxf5 27. Rab1 Qd2 28. Rb3 Rhh7 29. Re2 Rhg7+ 30. Kf1 Qf4 31. Rb7 Qf3 32. Reb2 Qd3+ 33. Re2 Qxh3+ 34. Ke1 Rg1+ 35. Kd2 Qc3# 0-1

[Event "IECG CF.2002.0.00018 email"]
[Site "IECG email"]
[Date "2002.02.28"]
[Round "?"]
[White "Rodriguez Zarate, Renato Roman"]
[Black "Wisse, Douglas"]
[Result "1-0"]
[WhiteElo "1000"]
[BlackElo "1100"]
[PlyCount "83"]
[EventDate "2002.02.28"]
[EventType "tourn (corr)"]
[EventRounds "6"]
[SourceTitle "Corr 2008"]
[Source "ChessBase"]
[SourceDate "2008.06.24"]
[SourceVersion "1"]
[SourceVersionDate "2008.06.24"]
[SourceQuality "1"]

1. e4 e5 2. Nf3 Nc6 3. Bc4 Nf6 4. d3 Be7 5. 0-0 d6 6. a3 b6 7. b4 0-0 8. Nc3 Nh5 9. Bd5 Bb7 10. b5 Na5 11. Bxb7 Nxb7 12. Nxe5 dxe5 13. Qxh5 Qd4 14. Bb2 f5 15. Nd5 Qc5 16. Bxe5 Bf6 17. Bxf6 gxf6 18. Qxf5 Qd6 19. d4 Qd8 20. Qe6+ Rf7 21. c4 Kf8 22. e5 fxe5 23. Qxe5 Kg8 24. Rfe1 Rg7 25. Nf6+ Kf8 26. Qf5 Nd6 27. Nxh7+ Kg8 28. Nf6+ Kf7 29. Qf3 Qxf6 30. Qd5+ Kf8 31. Qxa8+ Kf7 32. c5 bxc5 33. dxc5 Rg8 34. Qd5+ Kg7 35. cxd6 cxd6 36. Rac1 Rf8 37. Rc7+ Kg6 38. Re6 Re8 39. Qe4+ Kg5 40. h4+ Kh5 41. Rh7+ Qh6 42. Rhxh6# 1-0

[Event "IECG CP.2001.P.00056"]
[Site "IECG email"]
[Date "2001.10.01"]
[Round "?"]
[White "Walton, Alan J"]
[Black "Wisse, Douglas"]
[Result "1-0"]
[WhiteElo "2179"]
[BlackElo "1100"]
[PlyCount "71"]
[EventDate "2001.10.01"]
[EventType "tourn (corr)"]
[EventRounds "6"]
[SourceTitle "Corr 2008"]
[Source "ChessBase"]
[SourceDate "2008.06.24"]
[SourceVersion "1"]
[SourceVersionDate "2008.06.24"]
[SourceQuality "1"]

1. d4 d5 2. Bg5 g6 3. e3 Bg7 4. Nf3 Nf6 5. Bxf6 exf6 6. g3 0-0 7. Bg2 Nc6 8. 0-0 Bf5 9. Nbd2 Re8 10. Nh4 Qd7 11. Nxf5 Qxf5 12. c4 Nb4 13. cxd5 Qd7 14. Qb3 a5 15. a3 Na6 16. Qxb7 Reb8 17. Qc6 Qxc6 18. dxc6 Rxb2 19. Nc4 Rc2 20. Rfc1 Rxc1+ 21. Rxc1 Nb8 22. d5 Na6 23. Nxa5 f5 24. Rb1 Nc5 25. d6 Ne6 26. Nc4 cxd6 27. c7 Rf8 28. Rb7 h5 29. Nxd6 Nxc7 30. Rxc7 Be5 31. Rd7 Rb8 32. Nxf7 Rb1+ 33. Bf1 Ra1 34. Nxe5 Rxa3 35. Nxg6 h4 36. Bc4# 1-0

[Event "IECG QF.2001.0.00006"]
[Site "IECG email"]
[Date "2001.08.30"]
[Round "?"]
[White "Mathes, Christian"]
[Black "Wisse, Douglas"]
[Result "1-0"]
[WhiteElo "1011"]
[BlackElo "1100"]
[PlyCount "143"]
[EventDate "2001.08.30"]
[EventType "tourn (corr)"]
[EventRounds "6"]
[SourceTitle "Corr 2008"]
[Source "ChessBase"]
[SourceDate "2008.06.24"]
[SourceVersion "1"]
[SourceVersionDate "2008.06.24"]
[SourceQuality "1"]

1. d4 c5 2. d5 d6 3. c4 e5 4. Nc3 Nf6 5. e4 Be7 6. Bd3 Na6 7. Nge2 Ng4 8. 0-0 Bh4 9. g3 Bg5 10. f4 exf4 11. Nxf4 0-0 12. a3 Re8 13. Qf3 Nc7 14. Bd2 Qd7 15. Rae1 Ne5 16. Qe2 Nxd3 17. Nxd3 Bf6 18. Bf4 a6 19. Rf3 b5 20. Nf2 h6 21. b3 g5 22. Bd2 Be5 23. Nd3 Bd4+ 24. Kh1 bxc4 25. bxc4 Re7 26. Rff1 Qe8 27. e5 dxe5 28. d6 Qc6+ 29. Ne4 Re6 30. dxc7 Bb7 31. Qf3 Qxc7 32. Qf5 a5 33. h3 Raa6 34. Kh2 Bxe4 35. Qxe4 Rf6 36. Rxf6 Rxf6 37. Qa8+ Kg7 38. Bxa5 Qd7 39. Qe4 Qa4 40. Bd2 Qxa3 41. Re2 Rf1 42. Be3 f6 43. Bxd4 cxd4 44. Nxe5 fxe5 45. Qxe5+ Rf6 46. Qxd4 Qf8 47. Re6 h5 48. Qxf6+ Qxf6 49. Rxf6 Kxf6 50. Kg2 Kf5 51. c5 Ke5 52. c6 Kd6 53. Kf3 Kxc6 54. Ke4 Kd6 55. Kf5 h4 56. g4 Ke7 57. Kxg5 Kf7 58. Kxh4 Kg6 59. Kg3 Kg5 60. h4+ Kh6 61. Kf4 Kg6 62. g5 Kg7 63. h5 Kf7 64. Kf5 Kg7 65. g6 Kg8 66. Kf6 Kf8 67. h6 Kg8 68. h7+ Kh8 69. g7+ Kxh7 70. Kf7 Kh6 71. g8Q Kh5 72. Kf6 1-0

[Event "IECG QF.2001.0.00006"]
[Site "IECG email"]
[Date "2001.08.30"]
[Round "?"]
[White "Wisse, Douglas"]
[Black "Mathes, Christian"]
[Result "0-1"]
[WhiteElo "1100"]
[BlackElo "1011"]
[PlyCount "84"]
[EventDate "2001.08.30"]
[EventType "tourn (corr)"]
[EventRounds "6"]
[SourceTitle "Corr 2008"]
[Source "ChessBase"]
[SourceDate "2008.06.24"]
[SourceVersion "1"]
[SourceVersionDate "2008.06.24"]
[SourceQuality "1"]

1. e4 c6 2. d4 d5 3. e5 Bf5 4. Nf3 e6 5. Be2 Nd7 6. c4 dxc4 7. b3 cxb3 8. Qxb3 Qb6 9. Bg5 Qxb3 10. axb3 Bxb1 11. Rxb1 Bb4+ 12. Bd2 Bxd2+ 13. Kxd2 Ne7 14. g4 0-0 15. h4 c5 16. Rbc1 Rac8 17. Rc4 cxd4 18. Rhc1 Rxc4 19. Rxc4 Rc8 20. Rxd4 Nb6 21. Bb5 Nbd5 22. h5 Rc3 23. Ke2 Rxb3 24. Bc4 Rc3 25. Nd2 Nc6 26. Re4 a6 27. f4 Rg3 28. f5 Nc3+ 29. Kf2 Nxe4+ 30. Nxe4 Rxg4 31. Nd6 Nxe5 32. Be2 Rd4 33. Nxb7 exf5 34. Bxa6 Rh4 35. Be2 Ng4+ 36. Bxg4 Rxg4 37. Nd6 g6 38. hxg6 fxg6 39. Ne8 Kf7 40. Nd6+ Ke6 41. Ne8 Ke5 42. Ng7 h5 0-1

[Event "IECC O email"]
[Site "IECC email"]
[Date "2001.08.07"]
[Round "?"]
[White "Owen, Keith"]
[Black "Wisse, Douglas"]
[Result "1-0"]
[WhiteElo "1243"]
[BlackElo "1184"]
[PlyCount "93"]
[EventDate "2001.??.??"]
[EventType "tourn (corr)"]
[EventRounds "6"]
[SourceTitle "Corr 2008"]
[Source "ChessBase"]
[SourceDate "2008.06.24"]
[SourceVersion "1"]
[SourceVersionDate "2008.06.24"]
[SourceQuality "1"]

1. e4 e5 2. Nf3 d5 3. Nxe5 f6 4. Qh5+ Ke7 5. Qf7+ Kd6 6. Qxd5+ Ke7 7. Qxd8+ Kxd8 8. Nf7+ Ke8 9. Nxh8 Be6 10. Bc4 Bxc4 11. d3 Be6 12. Nc3 Nc6 13. Bf4 Bb4 14. a3 Ba5 15. b4 Bb6 16. 0-0 Nd4 17. Rfc1 Ne7 18. a4 a5 19. Rab1 Nec6 20. b5 Nb4 21. Be3 Rd8 22. Bxd4 Bxd4 23. Ne2 Bb6 24. d4 Ke7 25. c4 Bxd4 26. Nxd4 Rxd4 27. Rd1 Nd3 28. c5 Bc4 29. b6 c6 30. Rd2 Rxe4 31. f3 Re5 32. Rbd1 Nxc5 33. f4 Re4 34. f5 Bb3 35. Rc1 Nd7 36. Rc3 Bc4 37. Rg3 Re1+ 38. Kf2 Rf1+ 39. Ke3 Ne5 40. Rxg7+ Kf8 41. Rxb7 Re1+ 42. Kf2 Rf1+ 43. Kg3 Nf7 44. Rdd7 Kg7 45. Nxf7 Bxf7 46. Rxf7+ Kh6 47. Kg4 1-0

[Event "IECC Swiss email"]
[Site "IECC email"]
[Date "2001.08.06"]
[Round "?"]
[White "Wisse, Douglas"]
[Black "Hassan, William"]
[Result "0-1"]
[WhiteElo "1179"]
[BlackElo "1859"]
[PlyCount "70"]
[EventDate "2001.??.??"]
[EventType "tourn (corr)"]
[EventRounds "6"]
[SourceTitle "Corr 2008"]
[Source "ChessBase"]
[SourceDate "2008.06.24"]
[SourceVersion "1"]
[SourceVersionDate "2008.06.24"]
[SourceQuality "1"]

1. e4 d6 2. d4 Nf6 3. f3 Nbd7 4. Nc3 e5 5. d5 Be7 6. Be3 0-0 7. Qd2 c6 8. Bc4 Nb6 9. Qd3 cxd5 10. exd5 Bf5 11. Qe2 Nxc4 12. Qxc4 Bxc2 13. Nge2 Qc8 14. Qh4 Nxd5 15. Bg5 Qe6 16. 0-0 Rfc8 17. Bxe7 Qxe7 18. Qxe7 Nxe7 19. Ng3 d5 20. Rac1 Bg6 21. f4 Bd3 22. Rfe1 e4 23. Nge2 Rc4 24. b3 Rc7 25. Nd4 Rac8 26. Nxd5 Nxd5 27. Rxc7 Rxc7 28. Nf3 Rc2 29. Nd4 Rxa2 30. Rc1 h6 31. g3 e3 32. Rc8+ Kh7 33. Re8 Ra1+ 34. Kg2 Rd1 35. Nf3 Bf1+ 0-1